| 000 | 00462nam a22001817a 4500 | ||
|---|---|---|---|
| 003 | SISC | ||
| 005 | 20160308150418.0 | ||
| 008 | 130824t xxu||||| |||| 00| 0 eng d | ||
| 020 | _a080211516 | ||
| 050 |
_aPL 865 _b.Y65 1964 |
||
| 082 |
_aHS 895.635 _b.Y8 1993 |
||
| 100 |
_aYoshimoto, Banana _913389 |
||
| 245 |
_aKitchen / _cBanana Yoshimoto. |
||
| 260 |
_aNew York : _bGrove Press, _cc1993. |
||
| 300 |
_a152 p. : _c19 cm. |
||
| 942 |
_2lcc _cBK |
||
| 999 |
_c9372 _d9372 |
||